{"text_format":"2","workbook":"xlsx","n_sheets":4,"sheets":["ORÇAMENTO","CPU","BDI SERV","CRONOGRAMA"],"not_rendered":{"charts":0,"images":4,"macros":0,"external_links":0,"defined_names":4,"comments":1,"pivot_tables":0},"unopened":[],"bounds":{"document_bytes":16777216,"sheet_cells":100000,"run_cost":"one","rows_first":2000,"rows_last":500,"rows_between":2000,"halvings":0,"cell_chars":16384,"cell_head_chars":4096},"cells_cut":0,"cells_raw":0,"read":"whole","date_system":"1900"}

{"sheet":"ORÇAMENTO","index":0,"n_rows":29,"n_cols":9,"rows_kept":29,"cut":false,"hidden":false,"merged":[[20,11,20,13],[6,6,6,7],[28,1,28,2],[0,0,7,0],[0,2,0,8],[1,2,1,8],[2,2,2,8],[4,2,4,8],[5,6,5,7],[18,11,18,13],[23,11,24,13]]}
["<---- NUMERAR SERVIÇOS PARA CPU",null,"Ministério do Desenvolvimento Regional"]
[null,null,"Companhia de Desenvolvimento dos Vales do São Francisco e do Parnaíba"]
[null,null,"1ª Superintendência Regional"]
[]
[null,"OBRA: ","PAVIMENTAÇÃO EM BLOQUETE - RUAS DIVERSAS  - SANTO ANTONIO DO JACINTO/ MG"]
[null,"DATA:","SETEMBRO/2023",null,null,null,"BDI Serviços:",null,{"$f":"'BDI SERV'!D30/100","v":0.20929999999999999}]
[null,"PRAZO DE EXECUÇÃO:    210 DIAS"]
[null,"ITEM","DISCRIMINAÇÃO","REFER.","UNID.","QUANT.","P. UNITÁRIO","P.UNIT.C/ BDI","P. TOTAL"]
["A",1,"SERVIÇOS PRELIMINARES ",{"$nulls":5},{"$f":"SUM(I10:I14)","v":94685.98}]
[1,"1.1","MOBILIZAÇÃO E DESMOBILIZAÇÃO","CPU.1","GL",1,{"$f":"VLOOKUP(A10,CPU!$A$1:$N$4506,9)","v":4047.6},{"$f":"VLOOKUP(A10,CPU!$A$1:$N$4506,10)","v":4894.7626799999998},{"$f":"ROUND(F10*H10,2)","v":4894.76}]
[2,"1.2","ADMINISTRAÇÃO LOCAL","CPU.2","GL",1,{"$f":"VLOOKUP(A11,CPU!$A$1:$N$4506,9)","v":64850.660000000011},{"$f":"VLOOKUP(A11,CPU!$A$1:$N$4506,10)","v":78423.903138000009},{"$f":"ROUND(F11*H11,2)","v":78423.899999999994}]
[3,"1.3","CANTEIRO DE OBRAS","CPU.3","GL",1,{"$f":"VLOOKUP(A12,CPU!$A$1:$N$4506,9)","v":6825},{"$f":"VLOOKUP(A12,CPU!$A$1:$N$4506,10)","v":8253.4724999999999},{"$f":"ROUND(F12*H12,2)","v":8253.4699999999993}]
[4,"1.4","PLACA DE OBRA EM CHAPA DE AÇO GALVANIZADO","103689a","M2",4.5,{"$f":"VLOOKUP(A13,CPU!$A$1:$N$4506,9)","v":307.76},{"$f":"VLOOKUP(A13,CPU!$A$1:$N$4506,10)","v":372.17416800000001},{"$f":"ROUND(F13*H13,2)","v":1674.78}]
[5,"1.5","LOCAÇÃO DE PAVIMENTAÇÃO",99064,"M",1700,{"$f":"VLOOKUP(A14,CPU!$A$1:$N$4506,9)","v":0.7},{"$f":"VLOOKUP(A14,CPU!$A$1:$N$4506,10)","v":0.84650999999999998},{"$f":"ROUND(F14*H14,2)","v":1439.07}]
["B",2,"PAVIMENTAÇÃO",{"$nulls":5},{"$f":"SUM(I16:I19)","v":1042136.0499999999}]
[6,"2.1","ESCAVAÇÃO HORIZONTAL EM SOLO DE 1A CATEGORIA COM TRATOR DE ESTEIRAS",101116,"M3",1800.0000000000002,{"$f":"VLOOKUP(A16,CPU!$A$1:$N$4506,9)","v":2.2000000000000002},{"$f":"VLOOKUP(A16,CPU!$A$1:$N$4506,10)","v":2.6604600000000005},{"$f":"ROUND(F16*H16,2)","v":4788.83}]
[7,"2.2","CARGA, MANOBRA E DESCARGA DE SOLOS E MATERIAIS GRANULARES EM CAMINHÃO BASCULANTE - CARGA COM PÁ CARREGADEIRA E DESCARGA LIVRE",100976,"M3",1800.0000000000002,{"$f":"VLOOKUP(A17,CPU!$A$1:$N$4506,9)","v":8.7100000000000009},{"$f":"VLOOKUP(A17,CPU!$A$1:$N$4506,10)","v":10.533003000000001},{"$f":"ROUND(F17*H17,2)","v":18959.41}]
[8,"2.3","REGULARIZAÇÃO E COMPACTAÇÃO DE SUBLEITO",100576,"M2",13000.000000000002,{"$f":"VLOOKUP(A18,CPU!$A$1:$N$4506,9)","v":2.57},{"$f":"VLOOKUP(A18,CPU!$A$1:$N$4506,10)","v":3.107901},{"$f":"ROUND(F18*H18,2)","v":40402.71}]
[9,"2.6","EXECUÇÃO DE PAVIMENTO EM PISO INTERTRAVADO, COM BLOCO SEXTAVADO DE CONCRETO DE 25 X 25 CM, ESPESSURA 8 CM","92394a","M2",11000,{"$f":"VLOOKUP(A19,CPU!$A$1:$N$4506,9)","v":73.52000000000001},{"$f":"VLOOKUP(A19,CPU!$A$1:$N$4506,10)","v":88.907736000000014},{"$f":"ROUND(F19*H19,2)","v":977985.1}]
["C",3,"TRANSPORTE DE MATERIAIS",{"$nulls":5},{"$f":"SUM(I21:I23)","v":109294.11}]
[10,"3.1","TRANSPORTE COM CAMINHÃO BASCULANTE, EM VIA URBANA EM REVESTIMENTO PRIMÁRIO",95426,"M3XKM",5800.0000000000009,{"$f":"VLOOKUP(A21,CPU!$A$1:$N$4506,9)","v":1.41},{"$f":"VLOOKUP(A21,CPU!$A$1:$N$4506,10)","v":1.7051129999999999},{"$f":"ROUND(F21*H21,2)","v":9889.66}]
[11,"3.2","TRANSPORTE COM CAMINHÃO BASCULANTE, EM VIA URBANA PAVIMENTADA",95427,"M3XKM",2999.9972499999999,{"$f":"VLOOKUP(A22,CPU!$A$1:$N$4506,9)","v":0.73},{"$f":"VLOOKUP(A22,CPU!$A$1:$N$4506,10)","v":0.88278900000000005},{"$f":"ROUND(F22*H22,2)","v":2648.36}]
[12,"3.3","TRANSPORTE COM CAMINHÃO CARROCERIA, EM VIA URBANA PAVIMENTADA",100948,"TXKM",127000.0024984,{"$f":"VLOOKUP(A23,CPU!$A$1:$N$4506,9)","v":0.63},{"$f":"VLOOKUP(A23,CPU!$A$1:$N$4506,10)","v":0.76185900000000006},{"$f":"ROUND(F23*H23,2)","v":96756.09}]
["D",4,"OBRAS COMPLEMENTARES",{"$nulls":5},{"$f":"SUM(I25:I28)","v":333123.16000000003}]
[13,"4.1","ASSENTAMENTO DE GUIA (MEIO-FIO) EM TRECHO RETO, CONFECCIONADA EM CONCRETO PRÉ-FABRICADO, DIMENSÕES 100X12X10X30 CM (COMPRIMENTO X BASE INFERIOR X BASE SUPERIOR X ALTURA)","94273a","M",2800,{"$f":"VLOOKUP(A25,CPU!$A$1:$N$4506,9)","v":45.68},{"$f":"VLOOKUP(A25,CPU!$A$1:$N$4506,10)","v":55.240824000000003},{"$f":"ROUND(F25*H25,2)","v":154674.31}]
[14,"4.2","EXECUÇÃO DE SARJETA DE CONCRETO USINADO, MOLDADA  IN LOCO  EM TRECHO RETO, 30 CM BASE X 5 CM ALTURA","94287a","M",3350,{"$f":"VLOOKUP(A26,CPU!$A$1:$N$4506,9)","v":34.83},{"$f":"VLOOKUP(A26,CPU!$A$1:$N$4506,10)","v":42.119918999999996},{"$f":"ROUND(F26*H26,2)","v":141101.73000000001}]
[16,"4.3","FORNECIMENTO E INSTALAÇÃO DE PLACA DE SINALIZAÇÃO VIÁRIA - REGULAMENTAÇÃO (PARE)","CPU.4","UN.",36,{"$f":"VLOOKUP(A27,CPU!$A$1:$N$4506,9)","v":482.58000000000004},{"$f":"VLOOKUP(A27,CPU!$A$1:$N$4506,10)","v":583.58000000000004},{"$f":"ROUND(F27*H27,2)","v":21008.880000000001}]
[17,"4.4","FORNECIMENTO E INSTALAÇÃO DE PLACA DE AÇO PARA IDENTIFICACAO DE RUA, *45 CM X 20* CM, INCLUSIVE SUPORTE EM TUBO DE AÇO GALVANIZADO (02 PLACAS POR SUPORTE)                                  ","CPU.5","UN.",36,{"$f":"VLOOKUP(A28,CPU!$A$1:$N$4506,9)","v":375.29},{"$f":"VLOOKUP(A28,CPU!$A$1:$N$4506,10)","v":453.84},16338.24]
[null,"TOTAL GERAL DA OBRA COM BDI ",{"$nulls":6},{"$f":"SUM(I9,I15,I20,I24)","v":1579239.3000000003}]

{"sheet":"CPU","index":1,"n_rows":237,"n_cols":13,"rows_kept":237,"cut":false,"hidden":false,"merged":[[187,10,187,11],[94,1,94,6],[91,5,91,6],[92,1,92,6],[93,1,93,6],[191,10,191,12],[193,11,193,12],[96,10,96,11],[96,4,96,7],[96,1,96,3],[171,10,171,11],[172,2,172,5],[173,2,173,3],[174,1,174,7],[182,1,182,3],[182,5,182,6],[183,1,183,6],[184,1,184,6],[108,5,108,6],[108,1,108,3],[132,10,132,11],[133,2,133,5],[134,2,134,3],[135,1,135,7],[41,10,41,11],[53,5,53,6],[69,10,69,11],[13,1,13,3],[13,4,13,7],[13,10,13,11],[14,2,14,5],[15,2,15,3],[16,1,16,7],[25,1,25,3],[25,5,25,6],[66,1,66,6],[67,1,67,6],[69,1,69,3],[69,4,69,7],[58,10,58,11],[140,5,140,6],[141,1,141,6],[142,1,142,6],[143,1,143,6],[111,1,111,6],[113,0,131,0],[140,1,140,3],[129,1,129,6],[130,1,130,6],[132,1,132,3],[132,4,132,7],[113,1,113,3],[113,4,113,7],[71,2,71,3],[72,1,72,7],[77,1,77,3],[110,1,110,6],[109,1,109,6],[98,2,98,3],[97,2,97,5],[99,1,99,7],[69,0,80,0],[82,0,94,0],[82,1,82,3],[82,4,82,7],[83,2,83,5],[84,2,84,3],[85,1,85,7],[91,1,91,3],[0,0,12,0],[13,0,29,0],[30,0,40,0],[41,0,57,0],[58,0,68,0],[0,1,0,3],[0,4,0,7],[38,1,38,6],[39,1,39,6],[42,2,42,5],[43,2,43,3],[44,1,44,7],[53,1,53,3],[58,1,58,3],[58,4,58,7],[59,2,59,5],[60,2,60,3],[61,1,61,7],[64,1,64,3],[64,5,64,6],[65,1,65,6],[0,10,0,11],[1,2,1,5],[2,2,2,3],[3,1,3,7],[8,1,8,3],[8,5,8,6],[9,1,9,6],[10,1,10,6],[11,1,11,6],[5,10,5,13],[171,0,186,0],[153,1,153,3],[153,5,153,6],[132,0,144,0],[145,0,156,0],[30,10,30,11],[31,2,31,5],[32,2,32,3],[33,1,33,7],[36,1,36,3],[36,5,36,6],[37,1,37,6],[158,0,169,0],[113,10,113,11],[114,2,114,5],[115,2,115,3],[116,1,116,7],[127,1,127,3],[127,5,127,6],[128,1,128,6],[70,2,70,5],[54,1,54,6],[55,1,55,6],[56,1,56,6],[187,0,203,0],[187,1,187,3],[187,4,187,7],[188,2,188,5],[189,2,189,3],[190,1,190,7],[26,1,26,6],[27,1,27,6],[28,1,28,6],[30,1,30,3],[30,4,30,7],[41,1,41,3],[41,4,41,7],[77,5,77,6],[78,1,78,6],[79,1,79,6],[80,1,80,6],[96,0,111,0],[145,1,145,3],[145,4,145,7],[146,2,146,5],[147,2,147,3],[148,1,148,7],[199,1,199,3],[199,5,199,6],[200,1,200,6],[201,1,201,6],[202,1,202,6],[171,1,171,3],[171,4,171,7],[154,1,154,6],[155,1,155,6],[156,1,156,6],[158,1,158,3],[158,4,158,7],[159,2,159,5],[160,2,160,3],[161,1,161,7],[166,1,166,3],[166,5,166,6],[167,1,167,6],[168,1,168,6],[169,1,169,6],[185,1,185,6],[119,14,119,17],[120,14,122,17],[235,1,235,6],[236,1,236,6],[204,0,220,0],[221,0,236,0],[219,1,219,6],[221,1,221,3],[221,4,221,7],[222,2,222,5],[223,2,223,3],[224,1,224,7],[233,1,233,3],[233,5,233,6],[234,1,234,6],[204,1,204,3],[204,4,204,7],[205,2,205,5],[206,2,206,3],[207,1,207,7],[216,1,216,3],[216,5,216,6],[217,1,217,6],[218,1,218,6]]}
[1,"CODEVASF",null,null," COMPOSIÇÃO DE PREÇO UNITÁRIO",null,null,null,{"$f":"H10","v":4047.6},{"$f":"H12","v":4894.7626799999998},"BDI CALCULADO:",null,{"$f":"ORÇAMENTO!I6","v":0.20929999999999999}]
[null,"OBRA:  ",{"$f":"ORÇAMENTO!C5","v":"PAVIMENTAÇÃO EM BLOQUETE - RUAS DIVERSAS  - SANTO ANTONIO DO JACINTO/ MG"},null,null,null,"DATA: ",{"$f":"ORÇAMENTO!C6","v":"SETEMBRO/2023"}]
[null,"SERVIÇO:  ",{"$f":"VLOOKUP(A1,ORÇAMENTO!A10:I26,3)","v":"MOBILIZAÇÃO E DESMOBILIZAÇÃO"},null,"Referência:",{"$f":"VLOOKUP(A1,ORÇAMENTO!A10:I26,4)","v":"CPU.1"},"UNIDADE: ",{"$f":"VLOOKUP(A1,ORÇAMENTO!A10:I26,5)","v":"GL"}]
[]
[null,"TIPO ITEM","CODIGO ITEM","DESCRIÇÃO ITEM","UNIDADE ITEM","COEFICIENTE","PRECO UNITARIO","CUSTO TOTAL"]
[null,"COMPOSICAO","5824","CAMINHÃO TOCO, PBT 16.000 KG, CARGA ÚTIL MÁX. 10.685 KG, DIST. ENTRE EIXOS 4,8 M, POTÊNCIA 189 CV, INCLUSIVE CARROCERIA FIXA ABERTA DE MADEIRA P/ TRANSPORTE GERAL DE CARGA SECA ","CHP",16,"202,74",{"$f":"ROUNDDOWN(F6*G6,2)","v":3243.84}]
[null,"COMPOSICAO","5826","CAMINHÃO TOCO, PBT 16.000 KG, CARGA ÚTIL MÁX. 10.685 KG, DIST. ENTRE EIXOS 4,8 M, POTÊNCIA 189 CV, INCLUSIVE CARROCERIA FIXA ABERTA DE MADEIRA P/ TRANSPORTE GERAL DE CARGA SECA ","CHI",8,"60,95",{"$f":"ROUNDDOWN(F7*G7,2)","v":487.6}]
[null,"COMPOSIÇÃO",88316,"SERVENTE COM ENCARGOS COMPLEMENTARES","H",16,"19,76",316.16000000000003]
[null,"PRODUÇÃO DA EQUIPE",null,null,1,"CUSTO ",null,{"$f":"SUM(H6:H8)","v":4047.6}]
[null,"TOTAL",{"$nulls":5},{"$f":"H9/E9","v":4047.6},"OK"]
[null,"BDI                %",{"$nulls":5},{"$f":"1+$M$1","v":1.2093}]
[null,"TOTAL DO SERVIÇO - R$",{"$nulls":5},{"$f":"H10*H11","v":4894.7626799999998}]
[]
[{"$f":"A1+1","v":2},"CODEVASF",null,null," COMPOSIÇÃO DE PREÇO UNITÁRIO",null,null,null,{"$f":"H27","v":64850.660000000011},{"$f":"H29","v":78423.903138000009}]
[null,"OBRA:  ",{"$f":"$C$2","v":"PAVIMENTAÇÃO EM BLOQUETE - RUAS DIVERSAS  - SANTO ANTONIO DO JACINTO/ MG"},null,null,null,"DATA: ",{"$f":"$H$2","v":"SETEMBRO/2023"}]
[null,"SERVIÇO:  ",{"$f":"VLOOKUP(A14,ORÇAMENTO!$A$10:$I$26,3)","v":"ADMINISTRAÇÃO LOCAL"},null,"SINAPI",{"$f":"VLOOKUP(A14,ORÇAMENTO!A10:I26,4,0)","v":"CPU.2"},"UNIDADE: ",{"$f":"VLOOKUP(A14,ORÇAMENTO!$A$10:$I$26,5)","v":"GL"}]
[]
[null,"TIPO ITEM","CODIGO ITEM","DESCRIÇÃO ITEM","UNIDADE ITEM","COEFICIENTE","PRECO UNITARIO","CUSTO TOTAL"]
[null,"INSUMO",14250,"ENERGIA ELÉTRICA","kwh",80,"0,94",{"$f":"ROUNDDOWN(F19*G19,2)","v":75.2}]
[null,"INSUMO",44480,"TARIFA \"A\" ENTRE 0 E 20 M³ - FORNECIMENTO D'ÁGUA","m³",6,"17,78",{"$f":"ROUNDDOWN(F20*G20,2)","v":106.68}]
[null,"COTAÇÃO","MERC.","TELEFONE (PLANO CONTROLE)","UNID",2,60,120]
[null,"COMPOSICAO",90777,"Engenheiro Civil Júnior com encargos complementares","H",30,"114,12",3423.6]
[null,"COMPOSICAO",90776,"Encarregado Geral com encargos complementares","H",60,"57,73",3463.8]
[null,"COMPOSICAO",88321,"Tecnico de Laboratório com encargos complementares","H",30,"45,45",1363.5]
[null,"COMPOSICAO",90772,"Auxiliar de escritório com encargos complementares","H",30,23.72,711.6]
[null,"PRODUÇÃO DA EQUIPE",null,null,{"$f":"1/7","v":0.14285714285714285},"CUSTO ",null,{"$f":"SUM(H19:H25)","v":9264.380000000001}]
[null,"TOTAL",{"$nulls":5},{"$f":"H26/E26","v":64850.660000000011},"OK"]
[null,"BDI                %",{"$nulls":5},{"$f":"1+$M$1","v":1.2093}]
[null,"TOTAL DO SERVIÇO - R$",{"$nulls":5},{"$f":"H27*H28","v":78423.903138000009}]
[]
[{"$f":"A14+1","v":3},"CODEVASF",null,null," COMPOSIÇÃO DE PREÇO UNITÁRIO",null,null,null,{"$f":"H38","v":6825},{"$f":"H40","v":8253.4724999999999}]
[null,"OBRA:  ",{"$f":"$C$2","v":"PAVIMENTAÇÃO EM BLOQUETE - RUAS DIVERSAS  - SANTO ANTONIO DO JACINTO/ MG"},null,null,null,"DATA: ",{"$f":"$H$2","v":"SETEMBRO/2023"}]
[null,"SERVIÇO:  ",{"$f":"VLOOKUP(A31,ORÇAMENTO!$A$10:$I$26,3)","v":"CANTEIRO DE OBRAS"},null,"SINAPI",{"$f":"VLOOKUP(A31,ORÇAMENTO!$A$10:$I$26,4)","v":"CPU.3"},"UNIDADE: ",{"$f":"VLOOKUP(A31,ORÇAMENTO!$A$10:$I$26,5)","v":"GL"}]
[]
[null,"TIPO ITEM","CODIGO ITEM","DESCRIÇÃO ITEM","UNIDADE ITEM","COEFICIENTE","PRECO UNITARIO","CUSTO TOTAL"]
[null,"COTAÇÃO",10775,"ALUGUEL DE IMÓVEL OU CONTEINER QUE ATENDA AOS REQUISITOS MÍNIMOS PARA INSTALAÇÃO DO CANTEIRO DE OBRAS ","MÊS",7,975,{"$f":"ROUNDDOWN(F36*G36,2)","v":6825}]
[null,"PRODUÇÃO DA EQUIPE",null,null,1,"CUSTO ",null,{"$f":"SUM(H36:H36)","v":6825}]
[null,"TOTAL",{"$nulls":5},{"$f":"H37/E37","v":6825},"OK"]
[null,"BDI                %",{"$nulls":5},{"$f":"1+$M$1","v":1.2093}]
[null,"TOTAL DO SERVIÇO - R$",{"$nulls":5},{"$f":"H38*H39","v":8253.4724999999999}]
[]
[{"$f":"A31+1","v":4},"CODEVASF",null,null," COMPOSIÇÃO DE PREÇO UNITÁRIO",null,null,null,{"$f":"H55","v":307.76},{"$f":"H57","v":372.17416800000001}]
[null,"OBRA:  ",{"$f":"$C$2","v":"PAVIMENTAÇÃO EM BLOQUETE - RUAS DIVERSAS  - SANTO ANTONIO DO JACINTO/ MG"},null,null,null,"DATA: ",{"$f":"$H$2","v":"SETEMBRO/2023"}]
[null,"SERVIÇO:  ",{"$f":"VLOOKUP(A42,ORÇAMENTO!$A$10:$I$26,3)","v":"PLACA DE OBRA EM CHAPA DE AÇO GALVANIZADO"},null,"SINAPI",{"$f":"VLOOKUP(A42,ORÇAMENTO!$A$10:$I$26,4)","v":"103689a"},"UNIDADE: ",{"$f":"VLOOKUP(A42,ORÇAMENTO!$A$10:$I$26,5)","v":"M2"}]
[]
[null,"TIPO ITEM","CODIGO ITEM","DESCRIÇÃO ITEM","UNIDADE ITEM","COEFICIENTE","PRECO UNITARIO","CUSTO TOTAL"]
[null,"INSUMO","4509","SARRAFO *2,5 X 10* CM EM PINUS, MISTA OU EQUIVALENTE DA REGIAO - BRUTA","M","3,2083000","4,41",{"$f":"ROUNDDOWN(F47*G47,2)","v":14.14}]
[null,"INSUMO","4813","PLACA DE OBRA (PARA CONSTRUCAO CIVIL) EM CHAPA GALVANIZADA *N. 22*, ADESIVADA, DE *2,4 X 1,2* M (SEM POSTES PARA FIXACAO)","M2","1,0000000","250,00",{"$f":"ROUNDDOWN(F48*G48,2)","v":250}]
[null,"INSUMO","5065","PREGO DE ACO POLIDO COM CABECA 10 X 10 (7/8 X 17)","KG","0,0113000","36,57",0.41]
[null,"INSUMO","5069","PREGO DE ACO POLIDO COM CABECA 17 X 27 (2 1/2 X 11)","KG","0,0132000","19,59",0.25]
[null,"COMPOSICAO","88262","CARPINTEIRO DE FORMAS COM ENCARGOS COMPLEMENTARES","H","0,3729000","27,05",10.08]
[null,"COMPOSICAO","88316","SERVENTE COM ENCARGOS COMPLEMENTARES","H","1,1186000","19,76",22.1]
[null,"COMPOSICAO",4115,"MADEIRA ROLICA TRATADA, D = 12 A 15 CM, H = 3,00 M, EM EUCALIPTO OU EQUIVALENTE","M2",0.5,"21,57",10.78]
[null,"PRODUÇÃO DA EQUIPE",null,null,1,"CUSTO ",null,{"$f":"SUM(H47:H53)","v":307.76}]
[null,"TOTAL",{"$nulls":5},{"$f":"H54/E54","v":307.76},"OK"]
[null,"BDI                %",{"$nulls":5},{"$f":"1+$M$1","v":1.2093}]
[null,"TOTAL DO SERVIÇO - R$",{"$nulls":5},{"$f":"H55*H56","v":372.17416800000001}]
[]
[{"$f":"A42+1","v":5},"CODEVASF",null,null," COMPOSIÇÃO DE PREÇO UNITÁRIO",null,null,null,{"$f":"H66","v":0.7},{"$f":"H68","v":0.84650999999999998}]
[null,"OBRA:  ",{"$f":"$C$2","v":"PAVIMENTAÇÃO EM BLOQUETE - RUAS DIVERSAS  - SANTO ANTONIO DO JACINTO/ MG"},null,null,null,"DATA: ",{"$f":"$H$2","v":"SETEMBRO/2023"}]
[null,"SERVIÇO:  ",{"$f":"VLOOKUP(A59,ORÇAMENTO!$A$10:$I$26,3)","v":"LOCAÇÃO DE PAVIMENTAÇÃO"},null,"SINAPI",{"$f":"VLOOKUP(A59,ORÇAMENTO!$A$10:$I$26,4)","v":99064},"UNIDADE: ",{"$f":"VLOOKUP(A59,ORÇAMENTO!$A$10:$I$26,5)","v":"M"}]
[]
[null,"TIPO ITEM","CODIGO ITEM","DESCRIÇÃO ITEM","UNIDADE ITEM","COEFICIENTE","PRECO UNITARIO","CUSTO TOTAL"]
[null,"COMPOSICAO","99058","LOCAÇÃO DE PONTO PARA REFERÊNCIA TOPOGRÁFICA","UN","0,0500000",14.14,{"$f":"ROUNDDOWN(F64*G64,2)","v":0.7}]
[null,"PRODUÇÃO DA EQUIPE",null,null,1,"CUSTO ",null,{"$f":"SUM(H64:H64)","v":0.7}]
[null,"TOTAL",{"$nulls":5},{"$f":"H65/E65","v":0.7},"OK"]
[null,"BDI                %",{"$nulls":5},{"$f":"1+$M$1","v":1.2093}]
[null,"TOTAL DO SERVIÇO - R$",{"$nulls":5},{"$f":"H66*H67","v":0.84650999999999998}]
[]
[{"$f":"A59+1","v":6},"CODEVASF",null,null," COMPOSIÇÃO DE PREÇO UNITÁRIO",null,null,null,{"$f":"H79","v":2.2000000000000002},{"$f":"H81","v":2.6604600000000005}]
[null,"OBRA:  ",{"$f":"$C$2","v":"PAVIMENTAÇÃO EM BLOQUETE - RUAS DIVERSAS  - SANTO ANTONIO DO JACINTO/ MG"},null,null,null,"DATA: ",{"$f":"$H$2","v":"SETEMBRO/2023"}]
[null,"SERVIÇO:  ",{"$f":"VLOOKUP(A70,ORÇAMENTO!$A$10:$I$26,3)","v":"ESCAVAÇÃO HORIZONTAL EM SOLO DE 1A CATEGORIA COM TRATOR DE ESTEIRAS"},null,"SINAPI",{"$f":"VLOOKUP(A70,ORÇAMENTO!$A$10:$I$26,4)","v":101116},"UNIDADE: ",{"$f":"VLOOKUP(A70,ORÇAMENTO!$A$10:$I$26,5)","v":"M3"}]
[]
[null,"TIPO ITEM","CODIGO ITEM","DESCRIÇÃO ITEM","UNIDADE ITEM","COEFICIENTE","PRECO UNITARIO","CUSTO TOTAL"]
[null,"COMPOSICAO","5847","TRATOR DE ESTEIRAS, POTÊNCIA 170 HP, PESO OPERACIONAL 19 T, CAÇAMBA 5,2 M3","CHP","0,0048000","253,93",{"$f":"ROUNDDOWN(F75*G75,2)","v":1.21}]
[null,"COMPOSICAO","5849","TRATOR DE ESTEIRAS, POTÊNCIA 170 HP, PESO OPERACIONAL 19 T, CAÇAMBA 5,2 M3","CHI","0,0082000","90,40",0.74]
[null,"COMPOSICAO","88316","SERVENTE COM ENCARGOS COMPLEMENTARES","H","0,0131000","19,76",0.25]
[null,"PRODUÇÃO DA EQUIPE",null,null,1,"CUSTO ",null,{"$f":"SUM(H75:H77)","v":2.2000000000000002}]
[null,"TOTAL",{"$nulls":5},{"$f":"H78/E78","v":2.2000000000000002},"OK"]
[null,"BDI                %",{"$nulls":5},{"$f":"1+$M$1","v":1.2093}]
[null,"TOTAL DO SERVIÇO - R$",{"$nulls":5},{"$f":"H79*H80","v":2.6604600000000005}]
[]
[7,"CODEVASF",null,null," COMPOSIÇÃO DE PREÇO UNITÁRIO",null,null,null,{"$f":"H93","v":8.7100000000000009},{"$f":"H95","v":10.533003000000001}]
[null,"OBRA:  ",{"$f":"$C$2","v":"PAVIMENTAÇÃO EM BLOQUETE - RUAS DIVERSAS  - SANTO ANTONIO DO JACINTO/ MG"},null,null,null,"DATA: ",{"$f":"$H$2","v":"SETEMBRO/2023"}]
[null,"SERVIÇO:  ",{"$f":"VLOOKUP(A83,ORÇAMENTO!$A$10:$I$26,3)","v":"CARGA, MANOBRA E DESCARGA DE SOLOS E MATERIAIS GRANULARES EM CAMINHÃO BASCULANTE - CARGA COM PÁ CARREGADEIRA E DESCARGA LIVRE"},null,"SINAPI",{"$f":"VLOOKUP(A83,ORÇAMENTO!$A$10:$I$26,4)","v":100976},"UNIDADE: ",{"$f":"VLOOKUP(A83,ORÇAMENTO!$A$10:$I$26,5)","v":"M3"}]
[]
[null,"TIPO ITEM","CODIGO ITEM","DESCRIÇÃO ITEM","UNIDADE ITEM","COEFICIENTE","PRECO UNITARIO","CUSTO TOTAL"]
[null,"COMPOSICAO","5940","PÁ CARREGADEIRA SOBRE RODAS, POTÊNCIA LÍQUIDA 128 HP, CAPACIDADE DA CAÇAMBA 1,7 A 2,8 M3, PESO OPERACIONAL 11632 KG ","CHP","0,0083000","217,72",{"$f":"ROUNDDOWN(F88*G88,2)","v":1.8}]
[null,"COMPOSICAO","5942","PÁ CARREGADEIRA SOBRE RODAS, POTÊNCIA LÍQUIDA 128 HP, CAPACIDADE DA CAÇAMBA 1,7 A 2,8 M3, PESO OPERACIONAL 11632 KG","CHI","0,0074000","95,85",0.7]
[null,"COMPOSICAO","89883","CAMINHÃO BASCULANTE 18 M3, COM CAVALO MECÂNICO DE CAPACIDADE MÁXIMA DE TRAÇÃO COMBINADO DE 45000 KG, POTÊNCIA 330 CV, INCLUSIVE SEMIREBOQUE COM CAÇAMBA METÁLICA","CHP","0,0153000","348,45",5.33]
[null,"COMPOSICAO","89884","CAMINHÃO BASCULANTE 18 M3, COM CAVALO MECÂNICO DE CAPACIDADE MÁXIMA DE TRAÇÃO COMBINADO DE 45000 KG, POTÊNCIA 330 CV, INCLUSIVE SEMIREBOQUE COM CAÇAMBA METÁLICA","CHI","0,0095000","93,65",0.88]
[null,"PRODUÇÃO DA EQUIPE",null,null,1,"CUSTO ",null,{"$f":"SUM(H88:H91)","v":8.7100000000000009}]
[null,"TOTAL",{"$nulls":5},{"$f":"H92/E92","v":8.7100000000000009},"OK"]
[null,"BDI                %",{"$nulls":5},{"$f":"1+$M$1","v":1.2093}]
[null,"TOTAL DO SERVIÇO - R$",{"$nulls":5},{"$f":"H93*H94","v":10.533003000000001}]
[]
[8,"CODEVASF",null,null," COMPOSIÇÃO DE PREÇO UNITÁRIO",null,null,null,{"$f":"H110","v":2.57},{"$f":"H112","v":3.107901}]
[null,"OBRA:  ",{"$f":"$C$2","v":"PAVIMENTAÇÃO EM BLOQUETE - RUAS DIVERSAS  - SANTO ANTONIO DO JACINTO/ MG"},null,null,null,"DATA: ",{"$f":"$H$2","v":"SETEMBRO/2023"}]
[null,"SERVIÇO:  ",{"$f":"VLOOKUP(A97,ORÇAMENTO!$A$10:$I$26,3)","v":"REGULARIZAÇÃO E COMPACTAÇÃO DE SUBLEITO"},null,"SINAPI",{"$f":"VLOOKUP(A97,ORÇAMENTO!$A$10:$I$26,4)","v":100576},"UNIDADE: ",{"$f":"VLOOKUP(A97,ORÇAMENTO!$A$10:$I$26,5)","v":"M2"}]
[]
[null,"TIPO ITEM","CODIGO ITEM","DESCRIÇÃO ITEM","UNIDADE ITEM","COEFICIENTE","PRECO UNITARIO","CUSTO TOTAL"]
[null,"COMPOSICAO","5901","CAMINHÃO PIPA 10.000 L TRUCADO, PESO BRUTO TOTAL 23.000 KG, CARGA ÚTIL MÁXIMA 15.935 KG, DISTÂNCIA ENTRE EIXOS 4,8 M, POTÊNCIA 230 CV, INCLUSIVE TANQUE DE AÇO PARA TRANSPORTE DE ÁGUA","CHP","0,0010000","294,94",{"$f":"ROUNDDOWN(F102*G102,2)","v":0.28999999999999998}]
[null,"COMPOSICAO","5903","CAMINHÃO PIPA 10.000 L TRUCADO, PESO BRUTO TOTAL 23.000 KG, CARGA ÚTIL MÁXIMA 15.935 KG, DISTÂNCIA ENTRE EIXOS 4,8 M, POTÊNCIA 230 CV, INCLUSIVE TANQUE DE AÇO PARA TRANSPORTE DE ÁGUA ","CHI","0,0070000","72,55",0.5]
[null,"COMPOSICAO","5932","MOTONIVELADORA POTÊNCIA BÁSICA LÍQUIDA (PRIMEIRA MARCHA) 125 HP, PESO BRUTO 13032 KG, LARGURA DA LÂMINA DE 3,7 M","CHP","0,0001000","262,71",0.02]
[null,"COMPOSICAO","5934","MOTONIVELADORA POTÊNCIA BÁSICA LÍQUIDA (PRIMEIRA MARCHA) 125 HP, PESO BRUTO 13032 KG, LARGURA DA LÂMINA DE 3,7 M","CHI","0,0080000","109,40",0.87]
[null,"COMPOSICAO","73436","ROLO COMPACTADOR VIBRATÓRIO PÉ DE CARNEIRO PARA SOLOS, POTÊNCIA 80 HP, PESO OPERACIONAL SEM/COM LASTRO 7,4 / 8,8 T, LARGURA DE TRABALHO 1,68 M","CHP","0,0020000","163,19",0.32]
[null,"COMPOSICAO","88316","SERVENTE COM ENCARGOS COMPLEMENTARES","H","0,0080000","19,76",0.15]
[null,"COMPOSICAO","93244","ROLO COMPACTADOR VIBRATÓRIO PÉ DE CARNEIRO PARA SOLOS, POTÊNCIA 80 HP, PESO OPERACIONAL SEM/COM LASTRO 7,4 / 8,8 T, LARGURA DE TRABALHO 1,68 M","CHI","0,0060000","71,18",0.42]
[null,"PRODUÇÃO DA EQUIPE",null,null,1,"CUSTO ",null,{"$f":"SUM(H102:H108)","v":2.57}]
[null,"TOTAL",{"$nulls":5},{"$f":"H109/E109","v":2.57},"OK"]
[null,"BDI                %",{"$nulls":5},{"$f":"1+$M$1","v":1.2093}]
[null,"TOTAL DO SERVIÇO - R$",{"$nulls":5},{"$f":"H110*H111","v":3.107901}]
[]
[9,"CODEVASF",null,null," COMPOSIÇÃO DE PREÇO UNITÁRIO",null,null,null,{"$f":"H129","v":73.52000000000001},{"$f":"H131","v":88.907736000000014}]
[null,"OBRA:  ",{"$f":"$C$2","v":"PAVIMENTAÇÃO EM BLOQUETE - RUAS DIVERSAS  - SANTO ANTONIO DO JACINTO/ MG"},null,null,null,"DATA: ",{"$f":"$H$2","v":"SETEMBRO/2023"}]
[null,"SERVIÇO:  ",{"$f":"VLOOKUP(A114,ORÇAMENTO!$A$10:$I$26,3)","v":"EXECUÇÃO DE PAVIMENTO EM PISO INTERTRAVADO, COM BLOCO SEXTAVADO DE CONCRETO DE 25 X 25 CM, ESPESSURA 8 CM"},null,"SINAPI",{"$f":"VLOOKUP(A114,ORÇAMENTO!$A$10:$I$26,4)","v":"92394a"},"UNIDADE: ",{"$f":"VLOOKUP(A114,ORÇAMENTO!$A$10:$I$26,5)","v":"M2"}]
[]
[null,"TIPO ITEM","CODIGO ITEM","DESCRIÇÃO ITEM","UNIDADE ITEM","COEFICIENTE","PRECO UNITARIO","CUSTO TOTAL"]
[null,"INSUMO",370,"AREIA MEDIA - POSTO JAZIDA/FORNECEDOR (RETIRADO NA JAZIDA, SEM TRANSPORTE)","M3","0,0568000",97.5,{"$f":"ROUNDDOWN(F119*G119,2)","v":5.53}]
[null,"INSUMO",712,"BLOQUETE/PISO INTERTRAVADO DE CONCRETO - MODELO SEXTAVADO / HEXAGONAL, 25 CM X 25 CM, E = 8 CM, RESISTENCIA DE 35 MPA (NBR 9781), COR NATURAL","M2","1,0038000",60,60.22]
[null,"INSUMO","4741","PO DE PEDRA (POSTO PEDREIRA/FORNECEDOR, SEM FRETE)","M3","0,0066000","111,12",0.73]
[null,"COMPOSICAO","88260","CALCETEIRO COM ENCARGOS COMPLEMENTARES","H","0,1683000","21,06",3.54]
[null,"COMPOSICAO","88316","SERVENTE COM ENCARGOS COMPLEMENTARES","H","0,1683000","19,76",3.32]
[null,"COMPOSICAO","91277","PLACA VIBRATÓRIA REVERSÍVEL COM MOTOR 4 TEMPOS A GASOLINA, FORÇA CENTRÍFUGA DE 25 KN (2500 KGF), POTÊNCIA 5,5 CV","CHP","0,0055000","8,77",0.04]
[null,"COMPOSICAO","91278","PLACA VIBRATÓRIA REVERSÍVEL COM MOTOR 4 TEMPOS A GASOLINA, FORÇA CENTRÍFUGA DE 25 KN (2500 KGF), POTÊNCIA 5,5 CV","CHI","0,0787000","0,52",0.04]
[null,"COMPOSICAO","91283","CORTADORA DE PISO COM MOTOR 4 TEMPOS A GASOLINA, POTÊNCIA DE 13 HP, COM DISCO DE CORTE DIAMANTADO SEGMENTADO PARA CONCRETO, DIÂMETRO DE 350 MM, FURO DE 1\" (14 X 1\")","CHP","0,0038000","9,69",0.03]
[null,"COMPOSICAO","91285","CORTADORA DE PISO COM MOTOR 4 TEMPOS A GASOLINA, POTÊNCIA DE 13 HP, COM DISCO DE CORTE DIAMANTADO SEGMENTADO PARA CONCRETO, DIÂMETRO DE 350 MM, FURO DE 1\" (14 X 1\")","CHI","0,0804000","0,92",7.0000000000000007E-2]
[null,"PRODUÇÃO DA EQUIPE",null,null,1,"CUSTO ",null,{"$f":"SUM(H119:H127)","v":73.52000000000001}]
[null,"TOTAL",{"$nulls":5},{"$f":"H128/E128","v":73.52000000000001},"OK"]
[null,"BDI                %",{"$nulls":5},{"$f":"1+$M$1","v":1.2093}]
[null,"TOTAL DO SERVIÇO - R$",{"$nulls":5},{"$f":"H129*H130","v":88.907736000000014}]
[]
[10,"CODEVASF",null,null," COMPOSIÇÃO DE PREÇO UNITÁRIO",null,null,null,{"$f":"H142","v":1.41},{"$f":"H144","v":1.7051129999999999}]
[null,"OBRA:  ",{"$f":"$C$2","v":"PAVIMENTAÇÃO EM BLOQUETE - RUAS DIVERSAS  - SANTO ANTONIO DO JACINTO/ MG"},null,null,null,"DATA: ",{"$f":"$H$2","v":"SETEMBRO/2023"}]
[null,"SERVIÇO:  ",{"$f":"VLOOKUP(A133,ORÇAMENTO!$A$10:$I$26,3)","v":"TRANSPORTE COM CAMINHÃO BASCULANTE, EM VIA URBANA EM REVESTIMENTO PRIMÁRIO"},null,"SINAPI",{"$f":"VLOOKUP(A133,ORÇAMENTO!$A$10:$I$26,4)","v":95426},"UNIDADE: ",{"$f":"VLOOKUP(A133,ORÇAMENTO!$A$10:$I$26,5)","v":"M3XKM"}]
[]
[null,"TIPO ITEM","CODIGO ITEM","DESCRIÇÃO ITEM","UNIDADE ITEM","COEFICIENTE","PRECO UNITARIO","CUSTO TOTAL"]
[null,"COMPOSICAO","89883a","CAMINHÃO BASCULANTE 18 M3, COM CAVALO MECÂNICO DE CAPACIDADE MÁXIMA DE TRAÇÃO COMBINADO DE 45000 KG, POTÊNCIA 330 CV, INCLUSIVE SEMIREBOQUE COM CAÇAMBA METÁLICA","CHP",3.5000000000000001E-3,"348,45",{"$f":"ROUNDDOWN(F138*G138,2)","v":1.21}]
[null,"COMPOSICAO","89884","CAMINHÃO BASCULANTE 18 M3, COM CAVALO MECÂNICO DE CAPACIDADE MÁXIMA DE TRAÇÃO COMBINADO DE 45000 KG, POTÊNCIA 330 CV, INCLUSIVE SEMIREBOQUE COM CAÇAMBA METÁLICA","CHI","0,0022000","93,65",0.2]
[{"$nulls":7},{"$f":"F140*G140","v":0}]
[null,"PRODUÇÃO DA EQUIPE",null,null,1,"CUSTO ",null,{"$f":"SUM(H138:H140)","v":1.41}]
[null,"TOTAL",{"$nulls":5},{"$f":"H141/E141","v":1.41},"OK"]
[null,"BDI                %",{"$nulls":5},{"$f":"1+$M$1","v":1.2093}]
[null,"TOTAL DO SERVIÇO - R$",{"$nulls":5},{"$f":"H142*H143","v":1.7051129999999999}]
[]
[11,"CODEVASF",null,null," COMPOSIÇÃO DE PREÇO UNITÁRIO",null,null,null,{"$f":"H155","v":0.73},{"$f":"H157","v":0.88278900000000005}]
[null,"OBRA:  ",{"$f":"$C$2","v":"PAVIMENTAÇÃO EM BLOQUETE - RUAS DIVERSAS  - SANTO ANTONIO DO JACINTO/ MG"},null,null,null,"DATA: ",{"$f":"$H$2","v":"SETEMBRO/2023"}]
[null,"SERVIÇO:  ",{"$f":"VLOOKUP(A146,ORÇAMENTO!$A$10:$I$26,3)","v":"TRANSPORTE COM CAMINHÃO BASCULANTE, EM VIA URBANA PAVIMENTADA"},null,"SINAPI",{"$f":"VLOOKUP(A146,ORÇAMENTO!$A$10:$I$26,4)","v":95427},"UNIDADE: ",{"$f":"VLOOKUP(A146,ORÇAMENTO!$A$10:$I$26,5)","v":"M3XKM"}]
[]
[null,"TIPO ITEM","CODIGO ITEM","DESCRIÇÃO ITEM","UNIDADE ITEM","COEFICIENTE","PRECO UNITARIO","CUSTO TOTAL"]
[null,"COMPOSICAO","89883","CAMINHÃO BASCULANTE 18 M3, COM CAVALO MECÂNICO DE CAPACIDADE MÁXIMA DE TRAÇÃO COMBINADO DE 45000 KG, POTÊNCIA 330 CV, INCLUSIVE SEMIREBOQUE COM CAÇAMBA METÁLICA - CHP DIURNO. AF_12/2014","CHP","0,0019000","348,45",{"$f":"ROUNDDOWN(F151*G151,2)","v":0.66}]
[null,"COMPOSICAO","89884","CAMINHÃO BASCULANTE 18 M3, COM CAVALO MECÂNICO DE CAPACIDADE MÁXIMA DE TRAÇÃO COMBINADO DE 45000 KG, POTÊNCIA 330 CV, INCLUSIVE SEMIREBOQUE COM CAÇAMBA METÁLICA - CHI DIURNO. AF_12/2014","CHI","0,0008000","93,65",7.0000000000000007E-2]
[{"$nulls":7},{"$f":"F153*G153","v":0}]
[null,"PRODUÇÃO DA EQUIPE",null,null,1,"CUSTO ",null,{"$f":"SUM(H151:H153)","v":0.73}]
[null,"TOTAL",{"$nulls":5},{"$f":"H154/E154","v":0.73},"OK"]
[null,"BDI                %",{"$nulls":5},{"$f":"1+$M$1","v":1.2093}]
[null,"TOTAL DO SERVIÇO - R$",{"$nulls":5},{"$f":"H155*H156","v":0.88278900000000005}]
[]
[12,"CODEVASF",null,null," COMPOSIÇÃO DE PREÇO UNITÁRIO",null,null,null,{"$f":"H168","v":0.63},{"$f":"H170","v":0.76185900000000006}]
[null,"OBRA:  ",{"$f":"$C$2","v":"PAVIMENTAÇÃO EM BLOQUETE - RUAS DIVERSAS  - SANTO ANTONIO DO JACINTO/ MG"},null,null,null,"DATA: ",{"$f":"$H$2","v":"SETEMBRO/2023"}]
[null,"SERVIÇO:  ",{"$f":"VLOOKUP(A159,ORÇAMENTO!$A$10:$I$26,3)","v":"TRANSPORTE COM CAMINHÃO CARROCERIA, EM VIA URBANA PAVIMENTADA"},null,"SINAPI",{"$f":"VLOOKUP(A159,ORÇAMENTO!$A$10:$I$26,4)","v":100948},"UNIDADE: ",{"$f":"VLOOKUP(A159,ORÇAMENTO!$A$10:$I$26,5)","v":"TXKM"}]
[]
[null,"TIPO ITEM","CODIGO ITEM","DESCRIÇÃO ITEM","UNIDADE ITEM","COEFICIENTE","PRECO UNITARIO","CUSTO TOTAL"]
[null,"COMPOSICAO","5824a","CAMINHÃO TOCO, PBT 16.000 KG, CARGA ÚTIL MÁX. 10.685 KG, DIST. ENTRE EIXOS 4,8 M, POTÊNCIA 189 CV, INCLUSIVE CARROCERIA FIXA ABERTA DE MADEIRA P/ TRANSPORTE GERAL DE CARGA SECA","CHP",2.7000000000000001E-3,"202,74",{"$f":"ROUNDDOWN(F164*G164,2)","v":0.54}]
[null,"COMPOSICAO","5826","CAMINHÃO TOCO, PBT 16.000 KG, CARGA ÚTIL MÁX. 10.685 KG, DIST. ENTRE EIXOS 4,8 M, POTÊNCIA 189 CV, INCLUSIVE CARROCERIA FIXA ABERTA DE MADEIRA P/ TRANSPORTE GERAL DE CARGA SECA","CHI","0,0016000","60,95",0.09]
[{"$nulls":7},{"$f":"F166*G166","v":0}]
[null,"PRODUÇÃO DA EQUIPE",null,null,1,"CUSTO ",null,{"$f":"SUM(H164:H166)","v":0.63}]
[null,"TOTAL",{"$nulls":5},{"$f":"H167/E167","v":0.63},"OK"]
[null,"BDI                %",{"$nulls":5},{"$f":"1+$M$1","v":1.2093}]
[null,"TOTAL DO SERVIÇO - R$",{"$nulls":5},{"$f":"H168*H169","v":0.76185900000000006}]
[]
[13,"CODEVASF",null,null," COMPOSIÇÃO DE PREÇO UNITÁRIO",null,null,null,{"$f":"H184","v":45.68},{"$f":"H186","v":55.240824000000003}]
[null,"OBRA:  ",{"$f":"$C$2","v":"PAVIMENTAÇÃO EM BLOQUETE - RUAS DIVERSAS  - SANTO ANTONIO DO JACINTO/ MG"},null,null,null,"DATA: ",{"$f":"$H$2","v":"SETEMBRO/2023"}]
[null,"SERVIÇO:  ",{"$f":"VLOOKUP(A172,ORÇAMENTO!$A$10:$I$26,3)","v":"ASSENTAMENTO DE GUIA (MEIO-FIO) EM TRECHO RETO, CONFECCIONADA EM CONCRETO PRÉ-FABRICADO, DIMENSÕES 100X12X10X30 CM (COMPRIMENTO X BASE INFERIOR X BASE SUPERIOR X ALTURA)"},null,"SINAPI",{"$f":"VLOOKUP(A172,ORÇAMENTO!$A$10:$I$26,4)","v":"94273a"},"UNIDADE: ",{"$f":"VLOOKUP(A172,ORÇAMENTO!$A$10:$I$26,5)","v":"M"}]
[]
[null,"TIPO ITEM","CODIGO ITEM","DESCRIÇÃO ITEM","UNIDADE ITEM","COEFICIENTE","PRECO UNITARIO","CUSTO TOTAL"]
[null,"INSUMO",370,"AREIA MEDIA - POSTO JAZIDA/FORNECEDOR (RETIRADO NA JAZIDA, SEM TRANSPORTE)","M3","0,0070000",97.5,{"$f":"ROUNDDOWN(F177*G177,2)","v":0.68}]
[null,"INSUMO","COTAÇÃO","MEIO-FIO OU GUIA DE CONCRETO, PRE-MOLDADO, COMP 1 M, *30 X 10/12* CM (H X L1/L2)","M","1,0050000",{"$f":"20/0.8","v":25},25.12]
[null,"COMPOSICAO","88309","PEDREIRO COM ENCARGOS COMPLEMENTARES","H","0,3940000","27,45",10.81]
[null,"COMPOSICAO","88316","SERVENTE COM ENCARGOS COMPLEMENTARES","H","0,3940000","19,76",7.78]
[null,"COMPOSICAO","88629","ARGAMASSA TRAÇO 1:3 (EM VOLUME DE CIMENTO E AREIA MÉDIA ÚMIDA), PREPARO MANUAL. AF_08/2019","M3","0,0020000","645,53",1.29]
[]
[null,"PRODUÇÃO DA EQUIPE",null,null,1,"CUSTO ",null,{"$f":"SUM(H177:H181)","v":45.68}]
[null,"TOTAL",{"$nulls":5},{"$f":"H183/E183","v":45.68},"OK"]
[null,"BDI                %",{"$nulls":5},{"$f":"1+$M$1","v":1.2093}]
[null,"TOTAL DO SERVIÇO - R$",{"$nulls":5},{"$f":"H184*H185","v":55.240824000000003}]
[]
[14,"CODEVASF",null,null," COMPOSIÇÃO DE PREÇO UNITÁRIO",null,null,null,{"$f":"H201","v":34.83},{"$f":"H203","v":42.119918999999996}]
[null,"OBRA:  ",{"$f":"$C$2","v":"PAVIMENTAÇÃO EM BLOQUETE - RUAS DIVERSAS  - SANTO ANTONIO DO JACINTO/ MG"},null,null,null,"DATA: ",{"$f":"$H$2","v":"SETEMBRO/2023"}]
[null,"SERVIÇO:  ",{"$f":"VLOOKUP(A188,ORÇAMENTO!$A$10:$I$26,3)","v":"EXECUÇÃO DE SARJETA DE CONCRETO USINADO, MOLDADA  IN LOCO  EM TRECHO RETO, 30 CM BASE X 5 CM ALTURA"},null,"SINAPI",{"$f":"VLOOKUP(A188,ORÇAMENTO!$A$10:$I$26,4)","v":"94287a"},"UNIDADE: ",{"$f":"VLOOKUP(A188,ORÇAMENTO!$A$10:$I$26,5)","v":"M"}]
[]
[null,"TIPO ITEM","CODIGO ITEM","DESCRIÇÃO ITEM","UNIDADE ITEM","COEFICIENTE","PRECO UNITARIO","CUSTO TOTAL"]
[null,"INSUMO","370","AREIA MEDIA - POSTO JAZIDA/FORNECEDOR (RETIRADO NA JAZIDA, SEM TRANSPORTE)","M3","0,0100000",97.5,{"$f":"ROUNDDOWN(F193*G193,2)","v":0.97}]
[null,"INSUMO","4517","SARRAFO *2,5 X 7,5* CM EM PINUS, MISTA OU EQUIVALENTE DA REGIAO - BRUTA","M","0,2000000","3,04",0.6]
[null,"INSUMO","6189","TABUA NAO APARELHADA *2,5 X 30* CM, EM MACARANDUBA/MASSARANDUBA, ANGELIM OU EQUIVALENTE DA REGIAO - BRUTA","M","0,0830000","43,21",3.58]
[null,"INSUMO","34492a","CONCRETO USINADO BOMBEAVEL, CLASSE DE RESISTENCIA C20, COM BRITA 0 E 1, SLUMP = 100 +/- 20 MM, EXCLUI SERVICO DE BOMBEAMENTO (NBR 8953)","M3",{"$f":" (0.3*0.05)","v":1.4999999999999999E-2},"550,00",8.25]
[null,"COMPOSICAO","88309","PEDREIRO COM ENCARGOS COMPLEMENTARES","H","0,4540000","27,45",12.46]
[null,"COMPOSICAO","88316","SERVENTE COM ENCARGOS COMPLEMENTARES","H","0,4540000","19,76",8.9700000000000006]
[]
[null,"PRODUÇÃO DA EQUIPE",null,null,1,"CUSTO ",null,{"$f":"SUM(H193:H198)","v":34.83}]
[null,"TOTAL",{"$nulls":5},{"$f":"H200/E200","v":34.83},"OK"]
[null,"BDI                %",{"$nulls":5},{"$f":"1+$M$1","v":1.2093}]
[null,"TOTAL DO SERVIÇO - R$",{"$nulls":5},{"$f":"H201*H202","v":42.119918999999996}]
[]
[16,"CODEVASF",null,null," COMPOSIÇÃO DE PREÇO UNITÁRIO",null,null,null,{"$f":"H218","v":482.58000000000004},{"$f":"H220","v":583.58000000000004}]
[null,"OBRA:  ",{"$f":"$C$2","v":"PAVIMENTAÇÃO EM BLOQUETE - RUAS DIVERSAS  - SANTO ANTONIO DO JACINTO/ MG"},null,null,null,"DATA: ",{"$f":"$H$2","v":"SETEMBRO/2023"}]
[null,"SERVIÇO:  ",{"$f":"VLOOKUP(A205,ORÇAMENTO!$A$10:$I$28,3)","v":"FORNECIMENTO E INSTALAÇÃO DE PLACA DE SINALIZAÇÃO VIÁRIA - REGULAMENTAÇÃO (PARE)"},null,"SINAPI",{"$f":"VLOOKUP(A205,ORÇAMENTO!$A$10:$I$28,4)","v":"CPU.4"},"UNIDADE: ",{"$f":"VLOOKUP(A205,ORÇAMENTO!$A$10:$I$28,5)","v":"UN."}]
[]
[null,"TIPO ITEM","CODIGO ITEM","DESCRIÇÃO ITEM","UNIDADE ITEM","COEFICIENTE","PRECO UNITARIO","CUSTO TOTAL"]
[null,"COMPOSICAO",94962,"CONCRETO MAGRO PARA LASTRO, TRAÇO 1:4,5:4,5 (EM MASSA SECA DE CIMENTO/ AREIA/ BRITA 1)","M3",2.4E-2,397.46,{"$f":"ROUNDDOWN(F210*G210,2)","v":9.5299999999999994}]
[null,"COMPOSICAO",93358,"ESCAVAÇÃO MANUAL DE VALA COM PROFUNDIDADE MENOR OU IGUAL A 1,30 M","M3",2.4E-2,78.17,1.87]
[null,"COMPOSICAO",88309,"PEDREIRO COM ENCARGOS COMPLEMENTARES","H",0.2,27.45,5.49]
[null,"COMPOSICAO",88316,"SERVENTE COM ENCARGOS COMPLEMENTARES","H",1,19.760000000000002,19.760000000000002]
[null,"COMPOSICAO",103670,"LANÇAMENTO COM USO DE BALDES, ADENSAMENTO E ACABAMENTO DE CONCRETO EM ESTRUTURAS","M3",2.4E-2,281.66000000000003,6.75]
[null,"INSUMO",34723,"PLACA DE SINALIZACAO EM CHAPA DE ACO NUM 16 COM PINTURA REFLETIVA - DIAM: 60 CM - LADO:25CM","M2",{"$f":"4*0.3*0.25","v":0.3},577.5,173.25]
[null,"INSUMO",21013,"TUBO AÇO GALVANIZADO COM COSTURA, CLASSE LEVE, DN 50 MM ( 2\")E = 3,00 MM, *4,40* KG/M","M",3.5,75.98,265.93]
[null,"PRODUÇÃO DA EQUIPE",null,null,1,"CUSTO ",null,{"$f":"SUM(H210:H216)","v":482.58000000000004}]
[null,"TOTAL",{"$nulls":5},{"$f":"H217/E217","v":482.58000000000004}]
[null,"BDI                %",{"$nulls":5},{"$f":"1+$M$1","v":1.2093}]
[null,"TOTAL DO SERVIÇO - R$",{"$nulls":5},{"$f":"ROUND(H218*H219,2)","v":583.58000000000004}]
[]
[17,"CODEVASF",null,null," COMPOSIÇÃO DE PREÇO UNITÁRIO",null,null,null,{"$f":"H235","v":375.29},{"$f":"H237","v":453.84}]
[null,"OBRA:  ",{"$f":"$C$2","v":"PAVIMENTAÇÃO EM BLOQUETE - RUAS DIVERSAS  - SANTO ANTONIO DO JACINTO/ MG"},null,null,null,"DATA: ",{"$f":"$H$2","v":"SETEMBRO/2023"}]
[null,"SERVIÇO:  ",{"$f":"VLOOKUP(A222,ORÇAMENTO!$A$10:$I$28,3)","v":"FORNECIMENTO E INSTALAÇÃO DE PLACA DE AÇO PARA IDENTIFICACAO DE RUA, *45 CM X 20* CM, INCLUSIVE SUPORTE EM TUBO DE AÇO GALVANIZADO (02 PLACAS POR SUPORTE)                                  "},null,"SINAPI",{"$f":"VLOOKUP(A222,ORÇAMENTO!$A$10:$I$28,4)","v":"CPU.5"},"UNIDADE: ",{"$f":"VLOOKUP(A222,ORÇAMENTO!$A$10:$I$28,5)","v":"UN."}]
[]
[null,"TIPO ITEM","CODIGO ITEM","DESCRIÇÃO ITEM","UNIDADE ITEM","COEFICIENTE","PRECO UNITARIO","CUSTO TOTAL"]
[null,"COMPOSICAO",94962,"CONCRETO MAGRO PARA LASTRO, TRAÇO 1:4,5:4,5 (EM MASSA SECA DE CIMENTO/ AREIA/ BRITA 1)","M3",2.4E-2,397.46,{"$f":"ROUNDDOWN(F227*G227,2)","v":9.5299999999999994}]
[null,"COMPOSICAO",93358,"ESCAVAÇÃO MANUAL DE VALA COM PROFUNDIDADE MENOR OU IGUAL A 1,30 M","M3",2.4E-2,78.17,1.87]
[null,"COMPOSICAO",88309,"PEDREIRO COM ENCARGOS COMPLEMENTARES","H",0.2,27.45,5.49]
[null,"COMPOSICAO",88316,"SERVENTE COM ENCARGOS COMPLEMENTARES","H",1,19.760000000000002,19.760000000000002]
[null,"COMPOSICAO",103670,"LANÇAMENTO COM USO DE BALDES, ADENSAMENTO E ACABAMENTO DE CONCRETO EM ESTRUTURAS","M3",2.4E-2,281.66000000000003,6.75]
[null,"INSUMO",34723,"PLACA DE SINALIZACAO EM CHAPA DE ACO NUM 16 COM PINTURA REFLETIVA (CIRCULAR - D=50CM) ","M2",{"$f":"0.45*0.2*2","v":0.18000000000000002},577.5,103.95]
[null,"INSUMO",21012,"TUBO AÇO GALVANIZADO COM COSTURA, CLASSE LEVE, DN 40 MM (1.1/2\")E = 3,00 MM, *3,48* KG/M","M",3,75.98,227.94]
[null,"PRODUÇÃO DA EQUIPE",null,null,1,"CUSTO ",null,{"$f":"SUM(H227:H233)","v":375.29}]
[null,"TOTAL",{"$nulls":5},{"$f":"H234/E234","v":375.29}]
[null,"BDI                %",{"$nulls":5},{"$f":"1+$M$1","v":1.2093}]
[null,"TOTAL DO SERVIÇO - R$",{"$nulls":5},{"$f":"ROUND(H235*H236,2)","v":453.84}]

{"sheet":"BDI SERV","index":2,"n_rows":36,"n_cols":5,"rows_kept":36,"cut":false,"hidden":false,"merged":[[7,7,17,12],[35,0,35,5],[3,1,4,1],[3,2,4,2],[0,1,2,4],[31,0,33,5],[27,0,27,5],[29,1,29,2],[30,1,30,2]]}
[null,"DETALHAMENTO DO BDI - SERVIÇOS"]
[]
[]
[null,"Item","Descrição dos Serviços","%","%"]
[null,null,null,"PV","CD"]
[]
[null,1,"ADMINISTRAÇÃO CENTRAL"," ",4.01]
[null,"1.1","ESCRITÓRIO CENTRAL"," "," "]
[null,"1.2","VIAGENS"," "," "]
[null,"1.3","OUTROS"," "," "]
[null," "," "," "," "]
[null,2,"IMPOSTOS E TAXAS",{"$f":"SUM(D13:D15)","v":5.65},{"$f":"SUM(E13:E15)","v":7.0600000000000005}]
[null,"2.1","ISS (*)",{"$f":"5*0.4","v":2},{"$f":"ROUND(D13*1.2515,2)","v":2.5}]
[null,"2.2","PIS",0.65,0.81]
[null,"2.3","Cofins",3,3.75]
[]
[null,3,"TAXA DE RISCO"," ",{"$f":"SUM(E18:E21)","v":0.96}]
[null,"3.1","SEGURO",null,0.2]
[null,"3.2","RISCO",null,0.56000000000000005]
[null,"3.3","GARANTIA",null,0.2]
[]
[null,4,"DESPESAS FINANCEIRAS"," ",1.1100000000000001]
[]
[null,5,"LUCRO",null,7.5]
[]
[null," ","BDI - CALCULADO"," ",{"$f":"ROUND((((1+(E7+E17)/100)*(1+E22/100)*(1+E24/100)/(1-D12/100)-1)*100),2)","v":20.93}]
[]
["BDI = ((1+((AC+S+R+G)/100))x(1+DF/100)x(1+L/100)/(1-I/100)-1)*100"]
[]
[null,"BDI (CALCULADO):",null,{"$f":"ROUND((((1+((E7+E17)/100))*(1+E22/100)*(1+E24/100))/(1-D12/100)-1)*100,2)","v":20.93},"%"]
[null," "]
["(*) ISS CONFORME DECLARAÇÃO DO MUNICÍPIO (EM ANEXO) \nQUANT. ESTIMADA DE MATERIAIS = 60%"]
[]
[]
[" "]
["BDI EM CONFORMIDADE COM OS ACÓRDÃOS Nº 2369/2011 e ACÓRDÃO Nº 2.622/2013 - TCU - PLENÁRIO"]

{"sheet":"CRONOGRAMA","index":3,"n_rows":17,"n_cols":13,"rows_kept":17,"cut":false,"hidden":false,"merged":[[13,1,14,2],[16,1,20,12],[7,2,8,2],[9,2,10,2],[11,2,12,2],[7,1,8,1],[9,1,10,1],[11,1,12,1],[7,0,8,0],[9,0,10,0],[11,0,12,0],[0,1,0,12],[1,6,1,12],[2,6,2,12],[3,1,3,6],[5,0,6,0],[5,2,6,2],[1,1,2,1],[5,1,6,1],[1,2,2,4]]}
[null,"CRONOGRAMA FÍSICO-FINANCEIRO"]
[null,"OBRA: ",{"$f":"ORÇAMENTO!C5","v":"PAVIMENTAÇÃO EM BLOQUETE - RUAS DIVERSAS  - SANTO ANTONIO DO JACINTO/ MG"},null,null,"VALOR:",{"$f":"ORÇAMENTO!I29","v":1579239.3000000003}]
[{"$nulls":5},"PRAZO: ","210 DIAS "]
[]
[null,"ITEM","ETAPAS/DESCRIÇAO","FISICO/  FINANCEIRO","TOTAL    ETAPAS","MÊS 1","MÊS 2","MÊS 3","MÊS 4","MÊS 5","MÊS 6","MÊS 7","TOTAL"]
["A",{"$f":"VLOOKUP(A6,ORÇAMENTO!$A$9:$I$29,2)","v":1},{"$f":"VLOOKUP(A6,ORÇAMENTO!$A$9:$I$29,3)","v":"SERVIÇOS PRELIMINARES "},"FISICO ",{"$f":"ROUND(E7/$G$2,4)","v":0.06},0.2,0.125,0.15,0.15,0.1,0.1,0.17499999999999999,{"$f":"SUM(F6:L6)","v":1}]
[null,null,null,"FINANCEIRO",{"$f":"ORÇAMENTO!I9","v":94685.98},{"$f":"ROUND($E$7*F6,2)","v":18937.2},11835.75,14202.9,14202.9,9468.6,9468.6,16570.05,{"$f":"SUM(F7:L7)+0.01","v":94686.010000000009}]
["B",{"$f":"VLOOKUP(A8,ORÇAMENTO!$A$9:$I$29,2)","v":2},{"$f":"VLOOKUP(A8,ORÇAMENTO!$A$9:$I$29,3)","v":"PAVIMENTAÇÃO"},"FISICO ",{"$f":"ROUND(E9/$G$2,4)","v":0.65990000000000004},0.15,0.125,0.17499999999999999,0.2,0.15,0.125,7.4999999999999997E-2,{"$f":"SUM(F8:L8)","v":1}]
[null,null,null,"FINANCEIRO",{"$f":"ORÇAMENTO!I15","v":1042136.0499999999},{"$f":"ROUND($E$9*F8,2)","v":156320.41},130267.01,182373.81,208427.21,156320.41,130267.01,78160.2,{"$f":"SUM(F9:L9)","v":1042136.0599999999}]
["C",{"$f":"VLOOKUP(A10,ORÇAMENTO!$A$9:$I$29,2)","v":3},{"$f":"VLOOKUP(A10,ORÇAMENTO!$A$9:$I$29,3)","v":"TRANSPORTE DE MATERIAIS"},"FISICO ",{"$f":"ROUND(E11/$G$2,4)","v":6.9199999999999998E-2},0.15,0.15,0.15,0.15,0.125,0.125,0.15,{"$f":"SUM(F10:L10)","v":1}]
[null,null,null,"FINANCEIRO",{"$f":"ORÇAMENTO!I20","v":109294.11},{"$f":"ROUND($E$11*F10,2)","v":16394.12},{"$f":"ROUND($E$11*G10,2)","v":16394.12},16394.12,16394.12,13661.76,13661.76,16394.12,{"$f":"SUM(F11:L11)+0.01","v":109294.12999999998}]
["D",{"$f":"VLOOKUP(A12,ORÇAMENTO!$A$9:$I$29,2)","v":4},{"$f":"VLOOKUP(A12,ORÇAMENTO!$A$9:$I$29,3)","v":"OBRAS COMPLEMENTARES"},"FISICO ",{"$f":"ROUND(E13/$G$2,4)","v":0.2109},null,0.05,0.1,0.15,0.25,0.25,0.2,{"$f":"SUM(F12:L12)","v":1}]
[null,null,null,"FINANCEIRO",{"$f":"ORÇAMENTO!I24","v":333123.16000000003},{"$f":"ROUND($E$13*F12,2)","v":0},{"$f":"ROUND($E$13*G12,2)","v":16656.16},33312.32,49968.47,83280.789999999994,83280.789999999994,66624.63,{"$f":"SUM(F13:L13)","v":333123.15999999997}]
[null,"TOTAL",null,"FISICO ",{"$f":"SUM(F14:L14)","v":1.0000000253286505},{"$f":"F15/E15","v":0.12135699130587747},{"$f":"G15/$E$15","v":0.1109097525625154},0.15595049464637817,0.18299487607736206,0.16636589527628906,0.14986845882064864,0.11255355663957958,{"$f":"SUM(F14:L14)","v":1.0000000253286505}]
[null,null,null,"FINANCEIRO",{"$f":"E11+E9+E7+E13","v":1579239.2999999998},191651.73,175153.04,246283.15,288992.69999999995,262731.56,236678.15999999997,177749,{"$f":"SUM(F15:L15)-0.04","v":1579239.2999999998}]
[]
[null,"OBSERVAÇÕES:"]